| 000 | 00406nam a22001697a 4500 | ||
|---|---|---|---|
| 003 | koha_MIRAKIL | ||
| 005 | 20231213095541.0 | ||
| 008 | 231213b |||||||| |||| 00| 0 ||| d | ||
| 040 |
_aTR-IsEVY _btur _cTR-IsEVY |
||
| 082 | _a420 HOB/B | ||
| 100 | _aHOBAN, RUSSELL. | ||
| 245 | 0 | _aBREAD AND JAM FOR FRANCES. | |
| 260 |
_bHarper, _c2008 |
||
| 300 | _a45. | ||
| 650 | _aİngiliz Dili. | ||
| 942 |
_2ddc _cBK |
||
| 999 |
_c5505 _d5505 |
||